[Event "Antioquia Region-ch U1800"]
[Site "Medellin"]
[Date "2009.09.??"]
[Round "2.6"]
[White "Cardona, Juan Fernando"]
[Black "Hernandez, Carlos"]
[Result "1-0"]
[WhiteElo "1728"]
[BlackElo "1646"]
[PlyCount "87"]
[EventDate "2009.09.08"]
[EventType "tourn"]
[EventRounds "7"]
[EventCountry "COL"]
[SourceTitle "EXT 2024"]
[Source "ChessBase"]
[SourceDate "2023.10.10"]
[SourceVersion "1"]
[SourceVersionDate "2023.10.10"]
[SourceQuality "1"]

1. e4 c5 2. Nf3 Nc6 3. Bb5 Nf6 4. Nc3 d6 5. h3 e5 6. Bxc6+ bxc6 7. 0-0 g6 8. d3 Rb8 9. Bg5 h6 10. Be3 Bg7 11. Rb1 Nh5 12. Ne2 f5 13. b3 0-0 14. Nh2 f4 15. Bd2 Qe8 16. f3 g5 17. Ng4 Nf6 18. Nxf6+ Rxf6 19. Kf2 h5 20. c3 Ba6 21. c4 g4 22. hxg4 hxg4 23. Rh1 Qe6 24. Qf1 d5 25. Nc3 g3+ 26. Ke2 dxc4 27. dxc4 Bxc4+ 28. bxc4 Qxc4+ 29. Kd1 Rxb1+ 30. Nxb1 Qxa2 31. Qd3 Bf8 32. Nc3 Qb3+ 33. Qc2 c4 34. Qxb3 cxb3 35. Ke2 c5 36. Ra1 a6 37. Nd5 Rc6 38. Bc3 Bd6 39. Rb1 c4 40. Bxe5 Kf7 41. Bxd6 Rxd6 42. Kd2 a5 43. Ra1 Ra6 44. Ra4 1-0

[Event "Antioquia Region-ch U1800"]
[Site "Medellin"]
[Date "2009.09.??"]
[Round "3.3"]
[White "Quiceno, Nelson Camilo"]
[Black "Cardona, Juan Fernando"]
[Result "0-1"]
[WhiteElo "1652"]
[BlackElo "1728"]
[PlyCount "38"]
[EventDate "2009.09.08"]
[EventType "tourn"]
[EventRounds "7"]
[EventCountry "COL"]
[SourceTitle "EXT 2024"]
[Source "ChessBase"]
[SourceDate "2023.10.10"]
[SourceVersion "1"]
[SourceVersionDate "2023.10.10"]
[SourceQuality "1"]

1. d4 Nf6 2. c4 g6 3. Nc3 d5 4. e3 Bg7 5. Nf3 0-0 6. Qc2 c5 7. b3 Nc6 8. Nxd5 cxd4 9. exd4 Nxd5 10. cxd5 Nxd4 11. Nxd4 Bxd4 12. Rb1 Qxd5 13. Bd3 Qxg2 14. Be4 Bf5 15. Bxg2 Bxc2 16. Rb2 Bxb2 17. Bxb2 Rad8 18. Ke2 Rd7 19. Rc1 Bf5 0-1